000 00606nam a2200205Ia 4500
008 131103s9999 xx 000 0 und d
020 _a451518047
040 _aLoreto College
041 _aEnglish
082 _a823.91/CON
_b#NAME?
100 _aConrad,Joseph
245 4 _aThe secret agent
_b a simple tale
_cJoseph Conrad; with an introduction by Frederick R.Karl
260 _aNew York
_bNew American Library
_c1983
300 _a240 p.
_c 18 cm.
440 _aSignet Classics
504 _aIncludes bibliographical references
700 _aKarl,Frederick R.
850 _aLCLIB
942 _cBK
999 _c5072
_d55551